01279nam a2200277Ia 45000010006000000050017000060080041000230100013000640200015000770400016000920820015001080900025001231000029001482450087001772500035002642600042002993000027003415000020003685040032003885050325004206300031007456500031007769420012008079990017008199520165008361338220251017073153.0 eng  z80007755 a0060634944 cCMMdBSULIB a268.2bGRO aBV1471.2bG876C 19811 aGroome, Thomas H.92600110aChristian religious education :bsharing our story and vision /cThomas H. Groome. a1st Harper & Row paperback ed. aSan Francisco :bHarper & Row;c1980. axvii, 296 p. ;c24 cm. aIncludes index. aBibliography: p. [279]-290. a1. The nature of Christian Religious Education 2. The Purpose of Christian Religious Education 3. The Context of Christian Religious Education 4. An Approach to Christian Religious Education: shared Praxis 5. Readiness for Christian Religious Education by shared praxis 6. The Copartners in Christian Religious Education aChristian Education926002 0aChristian education.97910 2ddccBK c13382d13382 00102ddc4070absubbsucRBSd2005-10-17eDonationi1942l0o268.2 GROpbsu25100308r2025-10-17 07:33:05t001w2025-10-17yBKzMaterial available in hard copy